| 000 | 00793nam a22002537a 4500 | ||
|---|---|---|---|
| 003 | OSt | ||
| 005 | 20140310181735.0 | ||
| 008 | 130320t xxu||||| |||| 00| 0 eng d | ||
| 020 | _a0021797870 | ||
| 050 |
_aLB 1525 _b.P964 1993 |
||
| 082 |
_aTR 372.6044 _bP94 1993 |
||
| 110 |
_aMacmillan/McGraw-Hill _9454 |
||
| 245 |
_aProgress assessment : _breading, writing, & listening. Grade 8, level 14/ |
||
| 260 |
_aNew York, N.Y. : _bMacmillan/McGraw-Hill, _cc1993. |
||
| 300 |
_a27 p. : _c28 cm. _bill. ; |
||
| 521 | _aFaculty | ||
| 541 | _j1 | ||
| 541 | _j2 | ||
| 562 | _e2 | ||
| 650 |
_aReading _xUnited States _xEvaluation. _9455 |
||
| 650 |
_aWriting _xUnited States _xEvaluation. _9456 |
||
| 650 |
_aListening _xUnited States _xEvaluation. _9457 |
||
| 942 |
_2lcc _cBK-TR _kTR |
||
| 999 |
_c2559 _d2559 |
||